|
|
|
|
| LEADER |
00959pam a22002898a 4500 |
| 001 |
00034939 |
| 005 |
20171026081025.0 |
| 008 |
161107s2015 ||||||viesd |
| 020 |
|
|
|c 395000
|
| 041 |
0 |
# |
|a vie
|
| 082 |
1 |
4 |
|a 346.597
|b T527CH
|
| 100 |
1 |
# |
|a Quang, Minh
|e Tuyển chọn, hệ thống
|
| 245 |
0 |
0 |
|a Tuyển chọn tham khảo các mẫu soạn thảo văn bản và mẫu hợp đồng thông dụng trong doanh nghiệp
|c Quang Minh (tuyển chọn, hệ thống)
|
| 260 |
# |
# |
|a Hà Nội
|b Lao động
|c 2015
|
| 300 |
# |
# |
|a 463 tr.
|c 28 cm.
|
| 653 |
# |
# |
|a Doanh nghiệp
|
| 653 |
# |
# |
|a Văn bản
|
| 653 |
# |
# |
|a Tuyển chọn
|
| 653 |
# |
# |
|a Hợp đồng
|
| 653 |
# |
# |
|a Pháp luật
|
| 852 |
# |
# |
|b Kho mượn
|j KM.0019612
|
| 852 |
# |
# |
|j KM.0019612
|
| 910 |
|
|
|d 07/11/2016
|
| 980 |
# |
# |
|a Trung tâm Học liệu Lê Vũ Hùng, Trường Đại học Đồng Tháp
|